| 000 -LEADER |
| fixed length control field |
01367pam a2200337 a 4500 |
| 001 - CONTROL NUMBER |
| control field |
4452641 |
| 005 - DATE AND TIME OF LATEST TRANSACTION |
| control field |
20200812134336.0 |
| 008 - FIXED-LENGTH DATA ELEMENTS--GENERAL INFORMATION |
| fixed length control field |
950802s2003 enka b 001 0 eng |
| 010 ## - LIBRARY OF CONGRESS CONTROL NUMBER |
| LC control number |
95033373 |
| 020 ## - INTERNATIONAL STANDARD BOOK NUMBER |
| International Standard Book Number |
0198511949 |
| 040 ## - CATALOGING SOURCE |
| Original cataloging agency |
DLC |
| Transcribing agency |
DLC |
| Modifying agency |
DLC |
| 041 ## - LANGUAGE CODE |
| Language code of text/sound track or separate title |
eng |
| 050 00 - LIBRARY OF CONGRESS CALL NUMBER |
| Classification number |
QA182 |
| Item number |
.H68 1995 |
| 080 ## - UNIVERSAL DECIMAL CLASSIFICATION NUMBER |
| Universal Decimal Classification number |
512.2 H-84 |
| 082 00 - DEWEY DECIMAL CLASSIFICATION NUMBER |
| Edition number |
|
| 100 1# - MAIN ENTRY--PERSONAL NAME |
| Personal name |
Howie, John M. |
| Fuller form of name |
(John Mackintosh) |
| 9 (RLIN) |
9181 |
| 245 10 - TITLE STATEMENT |
| Title |
Fundamentals of semigroup theory / |
| Statement of responsibility, etc. |
John M. Howie. |
| 264 ## - PRODUCTION, PUBLICATION, DISTRIBUTION, MANUFACTURE, AND COPYRIGHT NOTICE |
| Place of production, publication, distribution, manufacture |
Oxford : |
| Name of producer, publisher, distributor, manufacturer |
Oxford University Press, |
| Date of production, publication, distribution, manufacture, or copyright notice |
2003. |
| 300 ## - PHYSICAL DESCRIPTION |
| Extent |
x, 351 p. : |
| Other physical details |
ill. ; |
| Dimensions |
24 cm. |
| 490 1# - SERIES STATEMENT |
| Series statement |
London Mathematical Society monographs ; |
| Volume/sequential designation |
new ser., 12 |
| 504 ## - BIBLIOGRAPHY, ETC. NOTE |
| Bibliography, etc. note |
Includes bibliographical references (p. [318]-339) and index. |
| 650 #0 - SUBJECT ADDED ENTRY--TOPICAL TERM |
| Topical term or geographic name entry element |
Semigroups. |
| 9 (RLIN) |
9182 |
| 653 ## - INDEX TERM--UNCONTROLLED |
| keyword |
მათემატიკა |
| 653 ## - INDEX TERM--UNCONTROLLED |
| keyword |
სემიგრუპის თეორიის საფუძვლები |
| 830 #0 - SERIES ADDED ENTRY--UNIFORM TITLE |
| Uniform title |
London Mathematical Society monographs ; |
| Volume/sequential designation |
new ser., no. 12. |
| 9 (RLIN) |
9183 |
| 856 42 - ELECTRONIC LOCATION AND ACCESS |
| Materials specified |
Publisher description |
| Uniform Resource Identifier |
http://www.loc.gov/catdir/enhancements/fy0606/95033373-d.html |
| 856 41 - ELECTRONIC LOCATION AND ACCESS |
| Materials specified |
Table of contents only |
| Uniform Resource Identifier |
http://www.loc.gov/catdir/enhancements/fy0606/95033373-t.html |
| 906 ## - LOCAL DATA ELEMENT F, LDF (RLIN) |
| a |
7 |
| b |
cbc |
| c |
orignew |
| d |
1 |
| e |
ocip |
| f |
19 |
| g |
y-gencatlg |
| 942 ## - ADDED ENTRY ELEMENTS (KOHA) |
| Source of classification or shelving scheme |
|
| Koha item type |
წიგნი |